[Event "24th 4NCL Congress"]
[Site "Harrogate"]
[Date "2020.01.19"]
[Round "5.6"]
[White "Jones, Steven A"]
[Black "Surtees, Mike J"]
[Result "1/2-1/2"]
[WhiteElo "2227"]
[BlackElo "2098"]
[PlyCount "57"]
[EventDate "2020.01.17"]

1. d4 Nf6 2. Nf3 d6 3. Nc3 c6 4. e4 g6 5. a4 a5 6. Be2 Bg7 7. O-O Bg4 8. Nd2
Bxe2 9. Qxe2 O-O 10. Nc4 Na6 11. Be3 d5 12. exd5 Nxd5 13. Nxd5 cxd5 14. Nd2 Qb6
15. Nb3 Rac8 16. Qb5 Qxb5 17. axb5 Nb8 18. Nxa5 Rxc2 19. Nxb7 Rxb2 20. Rfb1
Rxb1+ 21. Rxb1 Nd7 22. Nc5 Nb6 23. Ra1 e5 24. dxe5 Bxe5 25. Rd1 d4 26. Bxd4 Rd8
27. Nb3 Rd5 28. f4 Bg7 29. Kf2 1/2-1/2

[Event "24th 4NCL Congress"]
[Site "Harrogate"]
[Date "2020.01.19"]
[Round "5.7"]
[White "Gardiner, Eric D"]
[Black "Dias, Savin"]
[Result "1/2-1/2"]
[WhiteElo "2006"]
[BlackElo "1959"]
[PlyCount "37"]
[EventDate "2020.01.17"]

1. e4 c5 2. c3 d5 3. exd5 Qxd5 4. d4 g6 5. Nf3 Bg7 6. Na3 Bg4 7. Bc4 Qe4+ 8.
Be3 Nh6 9. Bd3 Qd5 10. dxc5 Bxf3 11. Bb5+ Nc6 12. Qxf3 Qxf3 13. gxf3 O-O 14.
O-O Nf5 15. Be2 Rfd8 16. Rfd1 Rxd1+ 17. Rxd1 Rd8 18. Rxd8+ Nxd8 19. Bd3 1/2-1/2

[Event "24th 4NCL Congress"]
[Site "Harrogate"]
[Date "2020.01.19"]
[Round "5.8"]
[White "Ther, Mate"]
[Black "Burnett, Jim"]
[Result "1-0"]
[WhiteElo "1983"]
[BlackElo "2030"]
[PlyCount "66"]
[EventDate "2020.01.17"]

1. e4 e6 2. d4 d5 3. e5 c5 4. c3 Nc6 5. Nf3 Nh6 6. Be2 Nf5 7. Na3 Be7 8. Nc2
cxd4 9. cxd4 Bd7 10. O-O O-O 11. Ne3 Nxe3 12. Bxe3 Qb6 13. b3 Rac8 14. Bd3 Nb4
15. Bb1 Bb5 16. Re1 Qc7 17. Bg5 Bxg5 18. Bxh7+ Kxh7 19. Nxg5+ Kg8 20. Qh5 Bd3
21. Rad1 Bg6 22. Qh4 Nc2 23. Rf1 Qb6 24. Rd2 Rc7 25. Rfd1 f6 26. exf6 gxf6 27.
Nf3 Rg7 28. Rc1 Nb4 29. Rc3 Nc6 30. Re3 Ne7 31. g4 Be4 32. Kf1 Ng6 33. Qg3 Qc7
1-0

[Event "24th 4NCL Congress"]
[Site "Harrogate"]
[Date "2020.01.19"]
[Round "5.9"]
[White "Sheppard, Derek A"]
[Black "Ackley, Peter Je"]
[Result "1/2-1/2"]
[WhiteElo "1689"]
[BlackElo "2021"]
[PlyCount "32"]
[EventDate "2020.01.17"]

1. Nf3 d6 2. d4 g6 3. c4 Bg7 4. Nc3 e5 5. e4 Nc6 6. Be3 Bg4 7. dxe5 dxe5 8. Be2
Bxf3 9. Bxf3 Nd4 10. O-O Ne7 11. Nd5 c6 12. Nxe7 Qxe7 13. Bxd4 exd4 14. Qd3 O-O
15. g3 f5 16. exf5 Rxf5 1/2-1/2

[Event "24th 4NCL Congress"]
[Site "Harrogate"]
[Date "2020.01.19"]
[Round "5.10"]
[White "Nicholson, Jim Wr"]
[Black "Cast, Julian"]
[Result "1/2-1/2"]
[WhiteElo "1979"]
[BlackElo "1885"]
[PlyCount "34"]
[EventDate "2020.01.17"]

1. d4 e6 2. Nf3 Nf6 3. Bg5 d5 4. e3 Nbd7 5. Nbd2 c5 6. c3 h6 7. Bh4 cxd4 8.
exd4 Qb6 9. Rb1 Bd6 10. Bd3 O-O 11. O-O Nh5 12. Re1 Nf4 13. Bc2 f5 14. Ne5 Bxe5
15. dxe5 Ng6 16. Nf3 Nc5 17. Qd4 Ne4 1/2-1/2

[Event "24th 4NCL Congress"]
[Site "Harrogate"]
[Date "2020.01.19"]
[Round "5.11"]
[White "Vickery, Jim E"]
[Black "Hymer, Barry J"]
[Result "1/2-1/2"]
[WhiteElo "1952"]
[BlackElo "1874"]
[PlyCount "27"]
[EventDate "2020.01.17"]

1. d4 d6 2. c4 g6 3. Nc3 Bg7 4. e4 e6 5. Be3 Ne7 6. Qd2 h6 7. Nge2 Nd7 8. g3 b6
9. Bg2 Bb7 10. O-O Qc8 11. Rac1 Nf6 12. f3 a6 13. b3 Kf8 14. Bh3 1/2-1/2

[Event "24th 4NCL Congress"]
[Site "Harrogate"]
[Date "2020.01.19"]
[Round "5.12"]
[White "Ross, Stuart"]
[Black "Cohen, Gerald M"]
[Result "0-1"]
[WhiteElo "1643"]
[BlackElo "1902"]
[PlyCount "76"]
[EventDate "2020.01.17"]

1. e4 d6 2. d4 Nf6 3. Nc3 g6 4. f4 Bg7 5. Nf3 c5 6. Bb5+ Bd7 7. e5 Ng4 8. Bxd7+
Qxd7 9. d5 dxe5 10. h3 e4 11. Nxe4 Nf6 12. Nxf6+ Bxf6 13. O-O Na6 14. a4 Rd8
15. c4 O-O 16. Ne5 Qd6 17. Qe2 Rfe8 18. Ra3 Nb4 19. Bd2 Nc2 20. Rd3 Nd4 21. Qe1
Qa6 22. b3 e6 23. dxe6 Qxe6 24. Qf2 b6 25. Kh1 Nf5 26. Rxd8 Rxd8 27. Bc3 Bh4
28. Qf3 Ng3+ 29. Kg1 Nxf1 30. Kxf1 f6 31. Ng4 f5 32. Nh6+ Kf8 33. Be5 Bf6 34.
Bc7 Rd7 35. Qa8+ Kg7 36. Nxf5+ Qxf5 37. Qxa7 Qxf4+ 38. Bxf4 Rxa7 0-1

[Event "24th 4NCL Congress"]
[Site "Harrogate"]
[Date "2020.01.19"]
[Round "5.13"]
[White "Szasz, Anna K"]
[Black "Wynarczyk, Raymond"]
[Result "1-0"]
[WhiteElo "1763"]
[BlackElo "1809"]
[PlyCount "65"]
[EventDate "2020.01.17"]

1. e4 e5 2. Nf3 d6 3. d4 exd4 4. Nxd4 Nf6 5. Nc3 Be7 6. Bd3 O-O 7. O-O Nbd7 8.
f4 Nc5 9. Qf3 Nxd3 10. cxd3 c5 11. Nde2 Bg4 12. Qf2 Bxe2 13. Nxe2 Rc8 14. b3 b5
15. Ng3 Ng4 16. Qe2 Bf6 17. Bb2 Bxb2 18. Qxb2 Qh4 19. Qxg7+ Kxg7 20. Nf5+ Kg8
21. Nxh4 c4 22. dxc4 bxc4 23. Nf5 Rc5 24. bxc4 Rxc4 25. Nxd6 Rc2 26. h3 Ne3 27.
Rf2 Rc6 28. e5 Rb8 29. Rf3 Nd5 30. Rd1 Nc3 31. Rd2 Rb1+ 32. Kh2 Na4 33. Nf5 1-0